Dragon Ball- Les maîtres de Son Goku - Statistiques

Statistiques générales
  • Ce quiz a été pris 166 fois
  • Le résultat moyen est 4 sur 7
Statistiques - réponses
Maîtres de Son Goku % Correct
Tortue Géniale
88%
Whis
81%
Karin
66%
Maître Kaio
59%
Son Gohan
57%
Tout-Puissant
40%
Pybara
0%
Aucun quiz correspondant
Distribution des résultats
% des personnes avec chaque résultat
Percentile par nombre de réponses
Votre historique - résultats
Vous n’avez pas pris ce quiz